| 000 | 00640nam a2200241Ia 4500 | ||
|---|---|---|---|
| 001 | 25994 | ||
| 005 | 20240114000906.0 | ||
| 007 | ta | ||
| 008 | 060503s1947 g b000 u 465 u | ||
| 040 | _aCotton College,Assam | ||
| 041 | _a465 | ||
| 082 |
_a340 _bSa 35 J |
||
| 100 | _aSalmond, William Guthrie . | ||
| 245 | 0 |
_aJurisprudence / _cJohn Salmond. _hTextual Documents |
|
| 250 | _a10th ed. / | ||
| 260 |
_aLondon : _bSweet and Maxwell Limited , _c1947. |
||
| 300 |
_axxxi.548p. ; _c22cm. |
||
| 653 | _aEconomics-Jurisprudence | ||
| 653 | _aG-Economics | ||
| 942 |
_2ddc _cBK |
||
| 999 |
_c25976 _d25976 |
||